[Event "NED-ch"]
[Site "Amsterdam"]
[Date "2018.07.04"]
[Round "3"]
[White "Tiviakov, Sergei"]
[Black "Sokolov, Ivan"]
[Result "1-0"]
[WhiteElo "2583"]
[BlackElo "2565"]
[Annotator "Tiviakov,S"]
[PlyCount "49"]
[EventDate "2018.07.02"]
[EventType "tourn"]
[EventRounds "7"]
[EventCountry "NED"]
[EventCategory "14"]
[SourceTitle "CBM 185"]
[Source "ChessBase"]
[SourceDate "2018.07.13"]
[SourceVersion "1"]
[SourceVersionDate "2018.07.13"]
[SourceQuality "1"]

{This game was played in the 3rd round of the Dutch championship 2018 in
Amsterdam. The win in this game allowed me to take the lead in the tournament
with 2.5 points out of 3.} 1. e4 e5 2. Nf3 Nc6 3. Bb5 a6 4. Ba4 b5 5. Bb3 g6 {
My opponent in this game Ivan Sokolov is a very experienced player. We had
played a huge number of games before that one. But here Ivan manages to
surprise me choosing an obscure modern line of the Ruy Lopez. I was expecting
a much more solid choice here. This variation is becoming popular due to the
practice of S. Mamedyarov.} 6. a4 {Since I was not familiar with the recent
theoretical developments of this obscure line, knowing only the traditional 4..
.g6, I decided to compare the positions with and without inclusion of the
moves b7-b5, Ba4-b3. And, of course, punishing my opponent for such strange
play in the opening came into my mind. White has a development advantage, and
when one has the advantage in development it is necessary to open the position
and play for attack. This is what I was trying to do in the coming moves!} b4 {
A necessary move.} 7. d4 ({Another interesting attacking approach was
demonstrated in the following game:} 7. h4 d6 8. Ng5 Nh6 9. Bd5 Bd7 10. d4 Nxd4
11. c3 bxc3 12. bxc3 c6 13. Bxf7+ Nxf7 14. cxd4 Bg7 15. Nxf7 Kxf7 16. dxe5 Bxe5
17. Ra3 Rb8 18. Nd2 Be6 19. Nf3 Re8 20. Nxe5+ dxe5 21. Rd3 Qe7 22. Ba3 c5 23.
h5 g5 24. O-O Red8 25. Rf3+ Kg8 26. Qc1 Rbc8 27. Bb2 Rd4 28. Bxd4 exd4 29. Rg3
g4 30. f4 Qh4 31. f5 Bf7 32. Qf4 Bxh5 33. Rh3 {1-0 Vachier Lagrave,
M-Mamedyarov,S/Paris FRA 2018/The Week in Chess 1233 (33)}) 7... exd4 8. Bg5 $5
$146 {The novelty.} (8. Nxd4 {is a normal move, but I wanted to play concrete
aggressive attacking chess, preventing Black from finishim8ng normal
development of the bishop to g7. After} Na5 9. Bd5 c6 10. Ba2 $14 {White is
slightly better.} Bg7 11. O-O Ne7 12. Nb3 (12. c3 Rb8 13. Bf4 d6 14. Nd2 O-O
15. Qc2 c5 16. N4b3 Nec6 17. Rad1 Qf6 18. Bg3 Nxb3 19. Bxb3 bxc3 20. bxc3 Rd8
21. Bd5 Ne7 22. Ba2 Qxc3 23. Qxc3 Bxc3 24. Nc4 Be6 25. Bxd6 Nc6 26. Bxb8 Rxb8
27. Rb1 Rb4 28. Rfc1 Nd4 29. Kh1 Ne2 30. Rd1 Rxa4 31. Rb8+ Kg7 32. Bb3 Rxc4 33.
Bxc4 Bxc4 34. Rd7 Bd4 35. f3 Nf4 36. Rbb7 Nd3 37. Rxd4 cxd4 38. Rd7 Nb2 39.
Rxd4 a5 40. Rd2 Nd3 41. Rc2 Be6 42. Rd2 Nc1 43. Rc2 Na2 44. Rc7 a4 45. Ra7 Bb3
46. Kg1 Nb4 47. Kf2 Nc2 48. Rb7 a3 {0-1 Inarkiev,E-Van Foreest,J/Berlin GER
2018/The Week in Chess 1226 (48)}) 12... Nb7 13. Re1 O-O 14. N1d2 d5 15. Qf3
Be6 16. Qe2 Re8 17. Nf3 dxe4 18. Qxe4 Nd5 19. Bg5 Qc7 20. Nbd4 Bd7 21. Qh4 Qd6
22. Red1 Nc5 23. Nd2 Qf8 24. Bxd5 cxd5 25. a5 Ne4 26. N2b3 Rac8 27. f3 Nxg5 28.
Qxg5 Re5 29. Qg3 Qe7 30. Qf4 Re8 31. Qd2 h5 32. Rf1 h4 33. h3 Re3 34. Qf2 Bh6
35. Kh1 Bf4 36. Nc1 Bg3 37. Qd2 Be1 38. Qd1 Bg3 39. Nd3 Kh7 40. Qd2 b3 41. cxb3
Qf6 42. Nc5 Bc8 43. Ne4 Qf4 44. Nc3 Bb7 45. Rad1 Qc7 46. b4 Bf4 47. Qf2 Qe7 48.
b5 axb5 49. a6 Bxa6 50. Nxd5 Qg5 51. Nxe3 Bxe3 52. f4 Qf6 53. Qe1 Re7 54. Qb4
Re4 55. Qb3 b4 56. Rf3 Qe7 57. Nc6 Qf6 58. Ne5 Be2 59. Ng4 Qf5 60. Rd5 Qe6 {
½-½ Jusic Zdenko (CRO)-Tomazini Zan (SLO)/Slovenia 2017 (60)}) 8... Be7 $8 {
The only move.} 9. Bf4 (9. Bxe7 Qxe7 10. O-O Nf6 11. Nxd4 Bb7 $11 {is equal.})
9... Bb7 (9... Bf6 10. e5 Bg7 11. Nbd2 Nge7 12. Ne4 O-O 13. O-O $14 {is good
for White.}) ({But} 9... Nf6 {deserved attention. For example,} 10. Nbd2 (10.
e5 Nh5 11. Bh6 Bf8 12. Bxf8 Kxf8 13. O-O Kg7 14. Nbd2 d5 15. exd6 Qxd6 $44)
10... Na5 11. e5 Nxb3 12. Nxb3 Nd5 13. Qxd4 Nxf4 14. Qxf4 $13 {with unclear
position.}) 10. O-O d6 $2 ({Black forgets about the development.} 10... Na5 11.
Qxd4 (11. Bd5 c6 12. Qxd4 Nf6 13. Ba2 c5 14. Qe3 O-O 15. Nbd2 (15. e5 Nh5 $11)
15... d5 $11) 11... Nf6 12. Nbd2 Nxb3 13. Nxb3 O-O 14. Rfe1 $14 {is with
slight advantage for White.} (14. Nc5 Bxc5 15. Qxc5 Re8 16. Qxb4 Rxe4 17. Qd2
$13)) ({But developing with} 10... Nf6 $1 {was called for. After} 11. Re1 (11.
e5 Nh5) 11... Na5 12. Qxd4 Nxb3 13. cxb3 O-O $13 {the position is unclear.})
11. Nxd4 {Now White gets an advantage and very comfortable play.} Na5 ({or} 
11... Nf6 12. Nxc6 Bxc6 13. Bh6 $14 {with better chances for White.} (13. Nd2
$14)) 12. Bd5 {Played automatically, keeping the 'Spanish' white bishop alive.}
({The computer engine prefers} 12. c3 Nxb3 (12... bxc3 13. Nxc3 $16) 13. Nxb3
$14 {with advantage for White.}) 12... c6 $8 {The bishop on b7 cannot be
exchanged.} 13. Ba2 Nf6 (13... c5 14. Nb3 Nxb3 15. Bxb3 Nf6 16. Nd2 $14 {
is similar to the game.}) 14. Nd2 O-O 15. N4b3 ({Or} 15. Re1 c5 16. N4b3 Nxb3
17. Bxb3 $14 {with advantage.}) 15... Nxb3 ({After} 15... d5 16. Nxa5 Qxa5 17.
exd5 $14 {White keeps a long lasting plus.} (17. Re1 $14)) 16. Bxb3 Re8 ({or} 
16... d5 17. Qf3 $14) 17. Re1 Bf8 (17... d5 $14) 18. Qf3 d5 $6 ({Opening of
the position is premature for Black. After the text move Black finds himself
on the edge of losing.} 18... c5 {was better, although even then White
advantage is unquestionable.} 19. Rad1 $14 (19. Re3 $14)) 19. Bg5 $16 Be7 20.
exd5 Nxd5 21. Rxe7 $5 {I was very tempted by this exchange sacrifice thinking
it was winning by force (failing to notice Black's defence on move 22).} (21.
h4 $3 {is the move suggested by the computer engine. The following variations
demonstrate the power of white position and his attacking possibilities!} Qd7 (
21... Bxg5 22. hxg5 $18 {and Black cannot save himself, losing in all lines. E.
g.} Qxg5 (22... Rxe1+ 23. Rxe1 Qxg5 24. Ne4 Qd8 (24... Qf5 25. Qd1 $1 $18 Qe5
26. Nc5 Qc7 27. Qd4 Rd8 28. Ne4 c5 29. Nxc5 Nf4 30. Qf6 $18) 25. c4 bxc3 26.
Bxd5 cxd5 27. Nf6+ Kg7 28. Ne8+ Kg8 29. Qxc3 d4 30. Qc5 $18) 23. Ne4 Qf5 24.
Bxd5 Qxf3 25. gxf3 cxd5 26. Nf6+ $18) 22. Ne4 $16 (22. Rad1 $16)) 21... Rxe7
22. Ne4 {This happens very often in chess. If one side doesn't see the defence,
it is also very often missed by the other side. We both hadn't seen the
defending move 22...Qc7! During the game I was only looking at 22...Qf8.} f5 $2
(22... Qc7 $8 {(the only)} 23. Bxe7 (23. Bxd5 cxd5 24. Nf6+ Kg7 25. Nxd5 (25.
Nh5+ gxh5 26. Qf6+ Kg8 27. Qxe7 Qxe7 28. Bxe7 $14) 25... Bxd5 26. Qf6+ Kg8 27.
Qxe7 Qxe7 28. Bxe7 $14) 23... Qxe7 24. Rd1 $14 {but White is still better!}) (
22... Qf8 $2 {loses after} 23. Bxd5 cxd5 24. Nf6+ {and Black can resign. For
example,} Kh8 (24... Kg7 25. Qf4 $18 (25. Ng4 $18)) 25. Nxh7 Rae8 26. Rf1 Kxh7
27. Qh3+ Kg8 28. Bf6 $18) (22... Rc8 {is better than 22...f5, but still should
lose in the ending with opposite coloured bishops.} 23. Bxd5 cxd5 24. Nf6+ Kg7
25. Qh3 h5 26. Qg3 Qb6 27. Nxh5+ gxh5 28. Bxe7+ Qg6 29. Bxb4 Qxg3 30. hxg3 Rxc2
31. Bc3+ $16) 23. Nf6+ {Now the game is over!} Kh8 (23... Kf7 24. Nxd5 (24. g4
$18) 24... cxd5 25. Bxe7 Kxe7 26. Qf4 $18) (23... Kg7 24. Qh3 h5 25. Qh4 $18)
24. Nxd5 cxd5 25. Bf6+ {After 25...Kg8 26.Bxe7 Qxe7 27.Bxd5++- Black loses all
his pieces. I am very glad with such a game. It is not every day you win so
quickly and nicely against such a strong experienced opponent as Ivan Sokolov
in his pet Ruy Lopez!} 1-0

[Event "St Petersburg-ch"]
[Site "St Petersburg"]
[Date "1996.??.??"]
[Round "6"]
[White "Svidler, Peter"]
[Black "Orlov, Vassily"]
[Result "1/2-1/2"]
[WhiteElo "2650"]
[BlackElo "2430"]
[Annotator "Wedberg,T"]
[PlyCount "94"]
[EventDate "1996.04.??"]
[EventType "tourn"]
[EventRounds "13"]
[EventCountry "RUS"]
[EventCategory "11"]
[SourceTitle "CBM 056"]
[Source "ChessBase"]
[SourceDate "1997.02.01"]
[SourceVersion "1"]
[SourceVersionDate "1997.02.01"]
[SourceQuality "1"]

1. e4 e5 2. Nf3 Nc6 3. Bb5 a6 4. Ba4 b5 5. Bb3 Na5 {In Scandinavia this is
called the Nowegian variation. Its nice to have someone to blame. Over the
years (from the fifties and onward) allmost every norwegian top player has
tried this line. On the international level the results have been
dissapointing for Black.} 6. O-O d6 7. d4 f6 8. Nc3 Nxb3 9. axb3 Bb7 10. d5 $6
{The wrong approach. White should keep the center fluid as long as possible.} (
10. Be3 Ne7 11. dxe5 dxe5 12. Qe2 Qd7 13. Rfd1 Qe6 14. Rd2 b4 15. Na4 Ng6 16.
Bc5 Nf4 17. Qe3 Qc6 18. Bxf8 Rxf8 19. Nc5 $14 {1-0 Kotronias,V-Gausel,E/
Gausdal Int 1990 (40)}) (10. Qe2 Ne7 11. dxe5 dxe5 12. Nh4 Qd7 13. f4 Nc6 14.
Nd5 Bc5+ 15. Be3 Bxe3+ 16. Qxe3 O-O 17. Nf5 $14 {1-0 Beliavsky,A-Agdestein,S/
Aker Brygge 1989 (37)}) 10... g6 (10... Ne7 11. Ne1 b4 12. Na2 a5 13. c4 c5 14.
f4 exf4 15. Nd3 Ng6 16. Qh5 Qe7 17. Bxf4 O-O-O $13 {0-1 Yemelin,V-Sepp,O/
Rostov op 1993 (37)}) 11. Nh4 Nh6 12. f4 Nf7 13. b4 f5 14. Nxf5 $6 (14. Nf3 Bg7
$13) 14... gxf5 15. fxe5 dxe5 16. Rxf5 Bg7 17. Qh5 O-O $15 {Whites has some
compensation. But in the long run the piece must be better.} 18. Be3 Nd6 19.
Rxe5 $5 {White refuses to defend. But by now its clear that White is skating
on thin ice.} (19. Rxf8+ Qxf8 20. Rf1 Qe8 21. Qg5 Nc4 22. Bc5 Qg6 23. Qxg6 (23.
Qe7 Rc8 $17) 23... hxg6 24. b3 Na3 25. Rf2 Bf8 $17) 19... Bxe5 20. Qxe5 Qe8 21.
Qd4 Qg6 22. Re1 Rae8 23. Bc1 Nf5 $2 (23... Rf7 $1 24. Re3 (24. b3 Rfe7 25. e5
Qxc2 $19) 24... Rf4 25. Rg3 Rg4 $19) 24. Qf2 Nd6 25. Qh4 Nc4 (25... Rf7 $17)
26. h3 Kh8 27. Kh1 Qf6 28. Qxf6+ Rxf6 29. b3 Ne5 30. Be3 {Whites game is no
longer imediately lost.} Kg8 31. Bd4 Rf7 32. Nd1 Rfe7 33. Ne3 Bc8 34. Nf1 Ng6
35. Ng3 Nf4 36. c4 Nd3 37. Re2 Nf4 38. Re3 Bd7 39. e5 bxc4 40. bxc4 Ng6 41. e6
{Whites position has improved constantly since Black missed an easy win on
move 23. A draw is no longer out of the question.} Bxe6 42. dxe6 Rxe6 43. Rf3
Rf8 44. Nf5 h5 45. Bc5 Rff6 46. Bd4 Rf8 47. Bc5 Rff6 1/2-1/2

[Event "Groningen PCA"]
[Site "Groningen"]
[Date "1993.??.??"]
[Round "4"]
[White "Akopian, Vladimir Eduardovic"]
[Black "Agdestein, Simen"]
[Result "1-0"]
[WhiteElo "2600"]
[BlackElo "2610"]
[Annotator "Wedberg,T"]
[PlyCount "55"]
[EventDate "1993.12.??"]
[EventType "swiss"]
[EventRounds "11"]
[EventCountry "NED"]
[SourceTitle "CBM 039"]
[Source "ChessBase"]
[SourceDate "1994.04.01"]
[SourceVersion "1"]
[SourceVersionDate "1994.04.01"]
[SourceQuality "1"]

1. e4 e5 2. Nf3 Nc6 3. Bb5 a6 4. Ba4 b5 5. Bb3 Na5 6. O-O d6 7. d4 Nxb3 8. axb3
f6 9. Nc3 Bb7 10. Qe2 g6 (10... Ne7 11. dxe5 dxe5 12. Rd1 Qc8 13. Be3 Qe6 14.
Bc5 g6 15. b4 Rd8 16. Rxd8+ Kxd8 17. Qe3 {+/= Milic-Johanessen/Zevenaar 1961})
11. dxe5 fxe5 $6 12. Ng5 $1 $36 Nf6 13. f4 Qe7 14. fxe5 dxe5 15. Nd5 $1 Nxd5
16. exd5 Bxd5 17. Ne4 Bg7 18. Bh6 O-O-O (18... Bxh6 19. Nf6+ Kd8 20. Nxd5 Qc5+
21. Kh1 Qxd5 $2 22. Rad1 $18) 19. Bxg7 $1 (19. Bg5 Qe6 20. Bxd8 Rxd8 $44) 19...
Qxg7 20. Rxa6 Bb7 21. Nc5 $3 $18 Rd5 (21... Bxa6 22. Qe4 c6 (22... Kb8 23.
Nxa6+ Ka7 24. Ra1 Kb6 25. c4 c5 26. b4 $18) 23. Qxc6+ Qc7 24. Qe6+ Rd7 25.
Qxa6+ Kb8 26. Qxb5+ Kc8 27. Ra1 $18) 22. Qg4+ Kb8 23. Nxb7 Kxb7 24. Rfa1 Rhd8
25. Qe4 Qf8 26. Ra7+ Kb8 27. Ra8+ Kb7 28. Qxd5+ 1-0